|
|
|
|
| LEADER |
00830ncm a22002412a 4500 |
| 001 |
001214937 |
| 003 |
CZ BrMZK |
| 005 |
20130523093612.0 |
| 007 |
qu |
| 008 |
120522s1930 gw |||||||||||||||||zxx d |
| 040 |
|
|
|a BOA001
|b cze
|
| 072 |
|
7 |
|a 786
|x Hudba pro klávesové nástroje
|2 Konspekt
|9 9
|
| 100 |
1 |
|
|a Weckmann, Matthias,
|d 1621-1674
|7 jn20040203048
|4 cmp
|
| 245 |
1 |
0 |
|a 14 Präludien Fugen und Tocatten
|h [hudebnina] /
|c Matthias Weckmann ; hrsg. von Max Seiffert
|
| 260 |
|
|
|a Leipzig :
|b Kistner & Siegel,
|c [1930?]
|
| 300 |
|
|
|a 51 s.
|
| 490 |
1 |
|
|a Organum. Reihe 4 ;
|v Nr. 3
|
| 700 |
1 |
|
|a Seiffert, Max,
|d 1868-1948
|7 mzk2005286721
|4 edt
|
| 830 |
|
0 |
|a Organum
|
| 910 |
|
|
|a BOA001
|b Mus4-0389.419
|
| 990 |
|
|
|a MU
|
| 991 |
|
|
|b 201205
|
| 996 |
6 |
|
|b 2619619735
|c Mus4-0389.419
|l MZK
|r Sklad / do 1 hodiny
|n 0
|w 001248563
|u 000010
|a 1
|e BOA001
|j MZK50
|s P
|